Poznáte trendy v on-trade a off-trade?

Správanie spotrebiteľov sa mení. Kto nenasleduje aktuálne trendy, ten bude mať problém dobehnúť konkurenciu. Zmeny sa dejú v retaile aj sektore horeca. Autori sa zamerali na kategóriu skrz piva a radlerov.

Saved in:
Bibliographic Details
Format: Book Chapter
Language:Slovak
Subjects:
Tags: Add Tag
No Tags, Be the first to tag this record!

MARC

LEADER 00000naa a2200000 4500
001 0303979
005 20240906090243.6
041 0 |a slo 
044 |a SK 
245 1 0 |a Poznáte trendy v on-trade a off-trade? 
520 |a Správanie spotrebiteľov sa mení. Kto nenasleduje aktuálne trendy, ten bude mať problém dobehnúť konkurenciu. Zmeny sa dejú v retaile aj sektore horeca. Autori sa zamerali na kategóriu skrz piva a radlerov. 
610 2 0 |a správanie spotrebiteľa 
610 2 0 |a dopyt spotrebiteľský 
610 2 0 |a pivo 
610 2 0 |a retailing 
610 2 0 |a dotazníky